[Event "IMP Mezczyzn do lat 20"]
[Site "Chotowa"]
[Date "2023.10.31"]
[Round "3.4"]
[White "Kacprzak, Kacper"]
[Black "Turski, Bartlomiej"]
[Result "0-1"]
[BlackElo "2334"]
[WhiteElo "2250"]
[LiveChessVersion "1.4.8"]

1. e4 {[%clk 1:30:54]} c5 {[%clk 1:28:50]} 2. Nf3 {[%clk 1:31:18]} Nc6
{[%clk 1:29:11]} 3. d4 {[%clk 1:31:44]} cxd4 {[%clk 1:29:37]} 4. Nxd4
{[%clk 1:32:12]} Nf6 {[%clk 1:30:00]} 5. Nc3 {[%clk 1:32:38]} d6 {[%clk 1:30:25]}
6. Bg5 {[%clk 1:33:02]} e6 {[%clk 1:30:50]} 7. Qd2 {[%clk 1:33:20]} a6
{[%clk 1:31:13]} 8. O-O-O {[%clk 1:33:21]} Bd7 {[%clk 1:31:29]} 9. f4
{[%clk 1:33:30]} Be7 {[%clk 1:31:36]} 10. Nf3 {[%clk 1:33:17]} b5
{[%clk 1:31:56]} 11. Bxf6 {[%clk 1:33:25]} gxf6 {[%clk 1:32:19]} 12. f5
{[%clk 1:33:51]} Qb6 {[%clk 1:32:37]} 13. Qh6 {[%clk 1:31:26]} O-O-O
{[%clk 1:31:49]} 14. Qh5 {[%clk 1:31:52]} Rhf8 {[%clk 1:30:52]} 15. Bd3
{[%clk 1:31:06]} Ne5 {[%clk 1:30:43]} 16. Rhe1 {[%clk 1:25:39]} b4
{[%clk 1:22:53]} 17. Ne2 {[%clk 1:24:30]} Nxd3+ {[%clk 1:22:12]} 18. Rxd3
{[%clk 1:22:30]} Bb5 {[%clk 1:19:55]} 19. Nf4 {[%clk 0:54:59]} Bxd3
{[%clk 1:13:12]} 20. cxd3 {[%clk 0:55:23]} Kb8 {[%clk 1:09:55]} 21. fxe6
{[%clk 0:50:06]} Rc8+ {[%clk 1:08:08]} 22. Kb1 {[%clk 0:45:24]} fxe6
{[%clk 1:04:48]} 23. Nxe6 {[%clk 0:38:35]} Qf2 {[%clk 1:03:39]} 24. Ned4
{[%clk 0:37:44]} Rc5 {[%clk 0:53:09]} 25. Qxh7 {[%clk 0:35:02]} Rfc8
{[%clk 0:53:10]} 26. Qh6 {[%clk 0:31:47]} Rc2 {[%clk 0:50:49]} 27. Nxc2
{[%clk 0:30:14]} Rxc2 {[%clk 0:50:59]} 28. Ka1 {[%clk 0:30:08]} Rxb2
{[%clk 0:50:57]} 29. Qc1 {[%clk 0:28:25]} Rxa2+ {[%clk 0:51:23]} 30. Kb1
{[%clk 0:28:53]} b3 {[%clk 0:51:48]} 31. Qc3 {[%clk 0:28:41]} Ra1+
{[%clk 0:52:11]} 0-1

[Event "IMP Mezczyzn do lat 20"]
[Site "Chotowa"]
[Date "2023.10.31"]
[Round "3.5"]
[White "Dziewonski, Dariusz"]
[Black "Sowinski, Pawel"]
[Result "1/2-1/2"]
[BlackElo "2322"]
[WhiteElo "2218"]
[LiveChessVersion "1.4.8"]

1. e4 {[%clk 1:30:02]} c6 {[%clk 1:30:59]} 2. Nc3 {[%clk 1:30:20]} d5
{[%clk 1:31:27]} 3. Nf3 {[%clk 1:30:45]} dxe4 {[%clk 1:31:54]} 4. Nxe4
{[%clk 1:31:10]} Nf6 {[%clk 1:32:20]} 5. Qe2 {[%clk 1:31:37]} Nxe4
{[%clk 1:32:45]} 6. Qxe4 {[%clk 1:32:04]} Be6 {[%clk 1:33:11]} 7. Bc4
{[%clk 1:27:30]} Bd5 {[%clk 1:32:58]} 8. Bxd5 {[%clk 1:25:22]} Qxd5
{[%clk 1:33:26]} 9. d3 {[%clk 1:23:49]} e6 {[%clk 1:32:41]} 10. Bf4
{[%clk 1:20:00]} Nd7 {[%clk 1:32:45]} 11. O-O {[%clk 1:17:54]} Be7
{[%clk 1:33:04]} 12. Qxd5 {[%clk 1:07:58]} cxd5 {[%clk 1:33:25]} 13. c4
{[%clk 1:08:00]} O-O {[%clk 1:26:59]} 14. cxd5 {[%clk 1:05:55]} exd5
{[%clk 1:27:27]} 15. d4 {[%clk 0:59:35]} Rfc8 {[%clk 1:26:21]} 16. Rac1
{[%clk 0:58:15]} Nf8 {[%clk 1:26:41]} 17. Rxc8 {[%clk 0:57:04]} Rxc8
{[%clk 1:27:09]} 18. Rc1 {[%clk 0:57:26]} Rxc1+ {[%clk 1:27:35]} 19. Bxc1
{[%clk 0:57:53]} Ne6 {[%clk 1:27:58]} 20. Kf1 {[%clk 0:57:14]} f6
{[%clk 1:28:09]} 21. Ke2 {[%clk 0:57:10]} Kf7 {[%clk 1:28:37]} 22. Kd3
{[%clk 0:56:41]} g5 {[%clk 1:29:00]} 23. Ne1 {[%clk 0:51:50]} Bd6
{[%clk 1:27:32]} 24. g3 {[%clk 0:49:21]} Ng7 {[%clk 1:27:44]} 25. f4
{[%clk 0:43:45]} gxf4 {[%clk 1:27:12]} 26. Bxf4 {[%clk 0:44:02]} Bxf4
{[%clk 1:27:36]} 27. gxf4 {[%clk 0:44:28]} Kg6 {[%clk 1:19:40]} 28. Ng2
{[%clk 0:41:27]} Nf5 {[%clk 1:19:32]} 29. h3 {[%clk 0:39:50]} b5 {[%clk 1:13:55]}
30. Ne3 {[%clk 0:36:53]} Ne7 {[%clk 1:08:16]} 31. Ke2 {[%clk 0:35:48]} a5
{[%clk 1:07:20]} 32. a3 {[%clk 0:33:24]} Kh5 {[%clk 1:04:37]} 33. Kf2
{[%clk 0:31:39]} Kh4 {[%clk 1:00:13]} 34. Kg2 {[%clk 0:31:50]} b4 35. axb4
{[%clk 0:30:36]} axb4 {[%clk 0:57:16]} 36. b3 {[%clk 0:29:54]} Nc6
{[%clk 0:57:36]} 1/2-1/2

[Event "IMP Mezczyzn do lat 20"]
[Site "Chotowa"]
[Date "2023.10.31"]
[Round "3.6"]
[White "Krawczyk, Flawian"]
[Black "Kraczek, Cezary"]
[Result "1-0"]
[BlackElo "1707"]
[WhiteElo "2288"]
[LiveChessVersion "1.4.8"]

1. e4 {[%clk 1:30:59]} Nf6 {[%clk 1:30:34]} 2. e5 {[%clk 1:30:58]} Nd5
{[%clk 1:31:00]} 3. d4 {[%clk 1:31:25]} d6 {[%clk 1:31:27]} 4. c4
{[%clk 1:31:49]} Nb6 {[%clk 1:31:50]} 5. f4 {[%clk 1:32:15]} dxe5
{[%clk 1:31:06]} 6. fxe5 {[%clk 1:32:33]} c5 {[%clk 1:31:21]} 7. d5
{[%clk 1:32:47]} e6 {[%clk 1:31:48]} 8. Nc3 {[%clk 1:29:58]} exd5
{[%clk 1:31:41]} 9. cxd5 {[%clk 1:30:04]} Qh4+ {[%clk 1:31:26]} 10. g3
{[%clk 1:29:45]} Qd4 {[%clk 1:31:46]} 11. Qxd4 {[%clk 1:03:42]} cxd4
{[%clk 1:31:57]} 12. Nb5 {[%clk 1:04:01]} Nxd5 {[%clk 1:28:44]} 13. Bg2
{[%clk 1:02:40]} a6 {[%clk 1:27:58]} 14. Nxd4 {[%clk 1:01:48]} Be6
{[%clk 1:17:14]} 15. Nxe6 {[%clk 0:53:02]} fxe6 {[%clk 1:17:30]} 16. Bxd5
{[%clk 0:51:46]} exd5 {[%clk 1:16:41]} 17. Nf3 {[%clk 0:51:31]} Nc6
{[%clk 1:12:13]} 18. Be3 {[%clk 0:44:58]} h6 {[%clk 1:04:12]} 19. O-O
{[%clk 0:43:51]} Rd8 {[%clk 0:54:47]} 20. Bb6 {[%clk 0:43:00]} Rd7
{[%clk 0:50:11]} 21. Nh4 {[%clk 0:37:50]} Bb4 {[%clk 0:40:36]} 22. e6
{[%clk 0:37:03]} Rd6 {[%clk 0:32:00]} 23. Nf5 {[%clk 0:37:06]} Rxe6
{[%clk 0:31:16]} 24. Nxg7+ {[%clk 0:37:32]} Kd7 {[%clk 0:30:50]} 25. Nxe6
{[%clk 0:37:55]} Kxe6 {[%clk 0:31:14]} 26. a3 {[%clk 0:38:09]} Bd6
{[%clk 0:27:17]} 27. Rfe1+ {[%clk 0:35:56]} Be5 {[%clk 0:22:11]} 28. Rac1
{[%clk 0:35:50]} Kd6 {[%clk 0:19:44]} 29. Bc7+ {[%clk 0:34:41]} Kxc7
{[%clk 0:19:31]} 30. Rxe5 {[%clk 0:35:09]} Kd6 {[%clk 0:18:48]} 31. Rh5
{[%clk 0:34:44]} d4 {[%clk 0:17:50]} 32. Rd1 {[%clk 0:34:13]} Kc7
{[%clk 0:17:04]} 33. Rd5 {[%clk 0:34:07]} Re8 {[%clk 0:16:59]} 34. Kf2
{[%clk 0:22:29]} Rf8+ {[%clk 0:15:16]} 35. Kg2 {[%clk 0:22:47]} Re8
{[%clk 0:15:33]} 36. Rd2 {[%clk 0:23:02]} Re4 {[%clk 0:14:58]} 37. h4
{[%clk 0:22:31]} Re6 {[%clk 0:14:29]} 38. Kf3 {[%clk 0:21:54]} Re3+
{[%clk 0:12:56]} 39. Kf4 {[%clk 0:20:14]} Re1 {[%clk 0:12:34]} 40. R2xd4
{[%clk 0:49:05]} Nxd4 {[%clk 0:42:56]} 41. Rxd4 {[%clk 0:49:33]} Rf1+
{[%clk 0:40:48]} 42. Kg4 {[%clk 0:49:49]} Rf2 {[%clk 0:40:04]} 43. b3
{[%clk 0:50:06]} Rb2 {[%clk 0:38:09]} 44. Rd3 {[%clk 0:50:35]} Ra2
{[%clk 0:37:47]} 45. a4 {[%clk 0:50:21]} b5 {[%clk 0:36:36]} 46. axb5
{[%clk 0:50:24]} axb5 {[%clk 0:36:39]} 47. Kh5 {[%clk 0:50:48]} Ra6
{[%clk 0:34:59]} 48. g4 {[%clk 0:51:09]} Rc6 {[%clk 0:35:08]} 49. g5
{[%clk 0:51:26]} hxg5 {[%clk 0:35:35]} 50. hxg5 {[%clk 0:51:50]} b4
{[%clk 0:35:52]} 51. Rd4 {[%clk 0:52:06]} Rc1 {[%clk 0:35:19]} 52. Rxb4
{[%clk 0:52:20]} Kd6 {[%clk 0:35:34]} 53. Re4 {[%clk 0:52:01]} Kd5
{[%clk 0:34:56]} 54. Re8 {[%clk 0:52:27]} Rh1+ {[%clk 0:35:14]} 55. Kg6
{[%clk 0:52:49]} Rh3 {[%clk 0:35:37]} 56. b4 {[%clk 0:52:41]} Kd6
{[%clk 0:34:52]} 57. Kg7 {[%clk 0:52:48]} Rh4 {[%clk 0:35:02]} 58. b5
{[%clk 0:52:43]} Rb4 {[%clk 0:35:22]} 59. g6 {[%clk 0:48:49]} Rxb5
{[%clk 0:35:08]} 60. Kf6 {[%clk 0:48:03]} Kd7 {[%clk 0:32:35]} 61. Re4
{[%clk 0:48:07]} Rb1 {[%clk 0:32:43]} 62. g7 {[%clk 0:48:30]} Rg1
{[%clk 0:32:54]} 63. Re5 {[%clk 0:48:54]} Rf1+ {[%clk 0:31:47]} 64. Rf5
{[%clk 0:49:01]} Rg1 {[%clk 0:32:14]} 65. Rg5 {[%clk 0:49:26]} Rf1+
{[%clk 0:32:39]} 66. Kg6 {[%clk 0:49:52]} 1-0

[Event "IMP Mezczyzn do lat 20"]
[Site "Chotowa"]
[Date "2023.10.31"]
[Round "3.7"]
[White "Meers, Hubert"]
[Black "Ugorek, Kacper"]
[Result "1/2-1/2"]
[BlackElo "1999"]
[WhiteElo "2256"]
[LiveChessVersion "1.4.8"]

1. d4 {[%clk 1:30:42]} Nf6 {[%clk 1:30:57]} 2. Bg5 {[%clk 1:31:10]} e6
{[%clk 1:31:13]} 3. e4 {[%clk 1:31:37]} h6 {[%clk 1:31:34]} 4. Bxf6
{[%clk 1:31:58]} Qxf6 {[%clk 1:31:56]} 5. Nf3 {[%clk 1:31:51]} d5
{[%clk 1:27:34]} 6. Nbd2 {[%clk 1:31:51]} Nd7 {[%clk 1:24:36]} 7. Bd3
{[%clk 1:29:10]} Qd8 {[%clk 1:24:20]} 8. O-O {[%clk 1:29:27]} Be7 9. Qe2
{[%clk 1:25:31]} O-O {[%clk 1:25:04]} 10. Rfe1 {[%clk 1:24:03]} dxe4
{[%clk 1:22:25]} 11. Nxe4 {[%clk 1:23:44]} Nf6 {[%clk 1:13:48]} 12. c4 Bd7
{[%clk 1:11:07]} 13. Ne5 {[%clk 1:18:41]} g6 {[%clk 1:05:28]} 14. Rad1
{[%clk 1:10:05]} Be8 {[%clk 1:04:05]} 15. Qf3 {[%clk 1:07:04]} c6
{[%clk 1:02:52]} 16. Re3 {[%clk 1:01:13]} Kg7 {[%clk 0:59:55]} 17. Bb1
{[%clk 0:59:10]} Qc7 {[%clk 0:57:22]} 18. Nxf6 {[%clk 0:54:48]} Bxf6
{[%clk 0:57:15]} 19. Qe4 {[%clk 0:54:10]} Rd8 {[%clk 0:55:49]} 20. f4
{[%clk 0:52:54]} c5 {[%clk 0:52:11]} 21. d5 {[%clk 0:49:09]} exd5
{[%clk 0:52:23]} 22. cxd5 {[%clk 0:49:35]} b6 {[%clk 0:43:53]} 23. Kh1
{[%clk 0:46:06]} Kg8 {[%clk 0:38:45]} 24. Red3 {[%clk 0:44:25]} Rd6
{[%clk 0:36:53]} 25. f5 {[%clk 0:42:58]} Bxe5 {[%clk 0:35:23]} 26. Qxe5
{[%clk 0:43:13]} f6 27. Qe4 {[%clk 0:39:50]} g5 {[%clk 0:35:25]} 28. Re3
{[%clk 0:40:07]} Bf7 {[%clk 0:35:14]} 29. Qf3 {[%clk 0:39:25]} Rfd8
{[%clk 0:34:56]} 30. Be4 {[%clk 0:38:48]} Kg7 {[%clk 0:34:18]} 1/2-1/2

[Event "IMP Mezczyzn do lat 20"]
[Site "Chotowa"]
[Date "2023.10.31"]
[Round "3.8"]
[White "Redzisz, Michal"]
[Black "Borowik, Wojciech"]
[Result "0-1"]
[BlackElo "1902"]
[WhiteElo "2228"]
[LiveChessVersion "1.4.8"]

1. d4 {[%clk 1:25:54]} Nf6 {[%clk 1:30:56]} 2. c4 {[%clk 1:26:20]} e6
{[%clk 1:31:17]} 3. Nc3 {[%clk 1:26:47]} Bb4 {[%clk 1:31:31]} 4. e3
{[%clk 1:27:14]} O-O {[%clk 1:30:59]} 5. Nge2 {[%clk 1:27:42]} c6
{[%clk 1:28:29]} 6. a3 {[%clk 1:28:08]} Ba5 {[%clk 1:28:51]} 7. Qc2
{[%clk 1:25:36]} d5 {[%clk 1:26:13]} 8. Ng3 {[%clk 1:26:02]} Nbd7
{[%clk 1:17:46]} 9. cxd5 {[%clk 1:25:07]} exd5 {[%clk 1:15:12]} 10. Bd3
{[%clk 1:25:31]} c5 {[%clk 1:05:56]} 11. dxc5 {[%clk 1:16:43]} Nxc5
{[%clk 1:05:58]} 12. b4 {[%clk 1:09:50]} Nxd3+ {[%clk 1:03:17]} 13. Qxd3
{[%clk 1:10:16]} Bc7 {[%clk 1:00:09]} 14. O-O {[%clk 1:08:40]} h5
{[%clk 0:44:40]} 15. Bb2 {[%clk 0:46:50]} h4 {[%clk 0:34:56]} 16. Nf5
{[%clk 0:47:09]} h3 {[%clk 0:33:17]} 17. gxh3 {[%clk 0:33:35]} Qd7
{[%clk 0:21:28]} 18. Ng3 {[%clk 0:28:12]} Qxh3 {[%clk 0:18:49]} 19. f4
{[%clk 0:27:21]} Ng4 {[%clk 0:16:50]} 20. Qd2 {[%clk 0:24:45]} Nxe3
{[%clk 0:14:01]} 21. Nxd5 {[%clk 0:24:37]} Nxd5 {[%clk 0:12:04]} 22. Qxd5
{[%clk 0:25:02]} Be6 {[%clk 0:11:52]} 23. Qg2 {[%clk 0:13:48]} Rad8
{[%clk 0:09:06]} 24. Nh1 {[%clk 0:08:45]} Bb6+ {[%clk 0:03:10]} 25. Nf2
{[%clk 0:09:11]} Qxg2+ {[%clk 0:02:42]} 26. Kxg2 {[%clk 0:09:37]} Rd2
{[%clk 0:02:56]} 27. Bc3 {[%clk 0:06:50]} Rc2 {[%clk 0:02:37]} 28. Rac1
{[%clk 0:07:07]} Bd5+ {[%clk 0:02:47]} 29. Kg3 {[%clk 0:05:30]} Bxf2+
{[%clk 0:03:11]} 0-1

[Event "IMP Mezczyzn do lat 20"]
[Site "Chotowa"]
[Date "2023.10.31"]
[Round "3.9"]
[White "Walaszczyk, Aleksander"]
[Black "Rog, Bartlomiej"]
[Result "0-1"]
[BlackElo "2168"]
[WhiteElo "1731"]
[LiveChessVersion "1.4.8"]

1. e4 {[%clk 1:30:55]} d6 {[%clk 1:29:56]} 2. d4 {[%clk 1:31:19]} g6
{[%clk 1:30:19]} 3. Nf3 {[%clk 1:31:23]} Bg7 {[%clk 1:30:39]} 4. Bc4
{[%clk 1:31:49]} e6 {[%clk 1:29:49]} 5. Qe2 {[%clk 1:18:59]} Ne7 {[%clk 1:29:33]}
6. Bb3 {[%clk 1:12:30]} Nd7 {[%clk 1:28:01]} 7. h4 {[%clk 1:06:47]} h6
{[%clk 1:27:03]} 8. c3 {[%clk 1:05:57]} b6 {[%clk 1:26:52]} 9. Bf4
{[%clk 1:02:53]} Bb7 {[%clk 1:24:53]} 10. Nbd2 {[%clk 1:02:14]} Nc6
{[%clk 1:08:42]} 11. O-O-O {[%clk 0:50:57]} Qe7 {[%clk 1:06:02]} 12. Rhe1
{[%clk 0:47:59]} e5 {[%clk 1:01:17]} 13. Be3 {[%clk 0:37:42]} exd4
{[%clk 1:01:22]} 14. cxd4 {[%clk 0:38:07]} O-O-O {[%clk 1:01:19]} 15. a3
{[%clk 0:31:56]} Kb8 {[%clk 0:57:21]} 16. Qd3 {[%clk 0:28:29]} Na5
{[%clk 0:56:52]} 17. Bd5 {[%clk 0:25:04]} c6 {[%clk 0:55:40]} 18. Ba2
{[%clk 0:25:28]} c5 {[%clk 0:56:02]} 19. Bd5 {[%clk 0:23:22]} cxd4
{[%clk 0:53:50]} 20. Bxd4 {[%clk 0:22:58]} Nc5 {[%clk 0:38:00]} 21. Qe3
{[%clk 0:19:16]} Bxd4 {[%clk 0:36:32]} 22. Qxd4 {[%clk 0:19:26]} Rc8
{[%clk 0:34:44]} 23. Kb1 {[%clk 0:19:24]} Nc6 {[%clk 0:32:40]} 24. Qe3
{[%clk 0:16:17]} Ne5 {[%clk 0:28:16]} 25. Nxe5 {[%clk 0:15:31]} dxe5
{[%clk 0:28:25]} 26. Bxb7 {[%clk 0:09:30]} Nxb7 {[%clk 0:28:09]} 27. Qg3
{[%clk 0:07:39]} Qc5 {[%clk 0:24:11]} 28. Rc1 {[%clk 0:06:17]} Qd4
{[%clk 0:21:00]} 29. Rxc8+ {[%clk 0:05:35]} Rxc8 {[%clk 0:21:22]} 30. Nb3
{[%clk 0:05:58]} Qd6 {[%clk 0:21:38]} 31. Qf3 {[%clk 0:05:39]} Qe6
{[%clk 0:21:13]} 32. Rd1 {[%clk 0:04:37]} Nd6 {[%clk 0:20:57]} 33. Qd3
{[%clk 0:02:14]} Rc6 {[%clk 0:20:56]} 34. f3 {[%clk 0:01:41]} Nc4
{[%clk 0:19:22]} 35. Qd8+ {[%clk 0:01:21]} Rc8 {[%clk 0:19:45]} 36. Qd5
{[%clk 0:01:44]} Qxd5 {[%clk 0:19:29]} 37. Rxd5 {[%clk 0:01:46]} Ne3
{[%clk 0:19:52]} 38. Rd2 {[%clk 0:01:32]} f5 {[%clk 0:19:30]} 39. Rd6
{[%clk 0:00:35]} Rg8 {[%clk 0:19:25]} 40. g3 {[%clk 0:30:32]} h5 {[%clk 0:41:57]}
41. Nd2 {[%clk 0:26:06]} Kc7 {[%clk 0:41:24]} 42. Rd3 {[%clk 0:26:17]} f4
{[%clk 0:41:46]} 43. gxf4 exf4 {[%clk 0:42:08]} 44. Rc3+ {[%clk 0:23:36]} Kd7
{[%clk 0:41:51]} 45. Rc1 {[%clk 0:22:24]} g5 {[%clk 0:39:19]} 46. hxg5
{[%clk 0:22:31]} Rxg5 {[%clk 0:39:34]} 47. Rh1 {[%clk 0:19:24]} Ke6
{[%clk 0:36:31]} 48. b3 {[%clk 0:16:02]} Ke5 {[%clk 0:35:36]} 49. Rh4
{[%clk 0:13:21]} Kd4 {[%clk 0:32:41]} 50. Rxf4 {[%clk 0:12:43]} Kc3
{[%clk 0:32:50]} 51. Nc4 {[%clk 0:10:53]} Rg1+ {[%clk 0:33:11]} 52. Ka2
{[%clk 0:11:15]} Nc2 {[%clk 0:33:32]} 53. Nb2 {[%clk 0:11:30]} Ra1#
{[%clk 0:33:57]} 0-1

[Event "IMP Mezczyzn do lat 20"]
[Site "Chotowa"]
[Date "2023.10.31"]
[Round "3.10"]
[White "Zalega, Maciej"]
[Black "Zieba, Hubert"]
[Result "1-0"]
[BlackElo "1805"]
[WhiteElo "2155"]
[LiveChessVersion "1.4.8"]

1. e4 {[%clk 1:29:47]} c5 {[%clk 1:30:50]} 2. Nf3 {[%clk 1:30:09]} Nc6
{[%clk 1:31:16]} 3. d4 {[%clk 1:30:36]} cxd4 {[%clk 1:31:42]} 4. Nxd4 g6
{[%clk 1:32:05]} 5. c4 {[%clk 1:31:30]} Nf6 {[%clk 1:32:30]} 6. Nc3
{[%clk 1:31:58]} d6 {[%clk 1:32:55]} 7. Be2 {[%clk 1:32:17]} Nxd4
{[%clk 1:33:21]} 8. Qxd4 {[%clk 1:32:44]} Bg7 {[%clk 1:33:44]} 9. Be3
{[%clk 1:33:11]} O-O {[%clk 1:34:08]} 10. Qd2 {[%clk 1:33:40]} Be6
{[%clk 1:34:28]} 11. Rc1 {[%clk 1:33:24]} Qa5 {[%clk 1:34:29]} 12. f3
{[%clk 1:33:42]} Rfc8 {[%clk 1:34:56]} 13. b3 {[%clk 1:34:08]} a6
{[%clk 1:35:22]} 14. Na4 {[%clk 1:34:34]} Qxd2+ {[%clk 1:35:48]} 15. Kxd2
{[%clk 1:35:01]} Nd7 {[%clk 1:36:10]} 16. g4 {[%clk 1:35:24]} Rcb8
{[%clk 1:08:30]} 17. Nc3 {[%clk 1:31:16]} b5 {[%clk 0:50:25]} 18. Nd5
{[%clk 1:29:51]} Bxd5 {[%clk 0:50:14]} 19. cxd5 {[%clk 1:30:14]} Rb7
{[%clk 0:46:06]} 20. Rc6 {[%clk 1:22:50]} Bb2 {[%clk 0:44:14]} 21. f4
{[%clk 1:07:13]} Ba3 {[%clk 0:27:49]} 22. Bd4 {[%clk 1:06:25]} Bc5
{[%clk 0:27:26]} 23. Ke3 {[%clk 1:04:15]} b4 {[%clk 0:25:44]} 24. e5
{[%clk 0:56:06]} a5 {[%clk 0:21:37]} 25. Bf3 {[%clk 0:50:06]} a4 {[%clk 0:18:33]}
26. Bxc5 {[%clk 0:50:21]} Nxc5 {[%clk 0:18:49]} 27. Rxc5 {[%clk 0:50:01]} dxc5
{[%clk 0:16:19]} 28. d6 {[%clk 0:50:27]} Raa7 {[%clk 0:16:19]} 29. Bxb7
{[%clk 0:50:45]} Rxb7 {[%clk 0:16:43]} 30. Ke4 {[%clk 0:49:34]} exd6
{[%clk 0:12:29]} 31. exd6 {[%clk 0:49:58]} Kf8 {[%clk 0:12:47]} 32. Kd5
{[%clk 0:50:16]} Ke8 {[%clk 0:12:52]} 33. Re1+ {[%clk 0:50:20]} Kd8
{[%clk 0:13:13]} 34. Kxc5 {[%clk 0:50:31]} axb3 {[%clk 0:13:30]} 35. axb3
{[%clk 0:50:56]} Rb8 {[%clk 0:12:47]} 36. Re7 {[%clk 0:50:09]} Rc8+
{[%clk 0:13:09]} 37. Rc7 {[%clk 0:49:56]} Rxc7+ {[%clk 0:13:33]} 38. dxc7+
{[%clk 0:50:23]} Kxc7 {[%clk 0:13:56]} 39. Kxb4 {[%clk 0:50:51]} Kb6
{[%clk 0:14:17]} 40. Kc4 {[%clk 1:21:17]} Kc6 {[%clk 0:44:40]} 41. b4
{[%clk 1:21:42]} f5 {[%clk 0:44:55]} 42. g5 {[%clk 1:22:00]} Kb6 {[%clk 0:45:21]}
43. b5 {[%clk 1:22:27]} Kb7 {[%clk 0:45:44]} 44. Kc5 {[%clk 1:22:53]} Kc7
{[%clk 0:46:08]} 45. b6+ {[%clk 1:23:19]} Kb7 {[%clk 0:46:33]} 46. Kb5
{[%clk 1:23:45]} 1-0

[Event "IMP Mezczyzn do lat 20"]
[Site "Chotowa"]
[Date "2023.10.31"]
[Round "3.11"]
[White "Karas, Kacper"]
[Black "Pniaczek, Marek"]
[Result "0-1"]
[BlackElo "2143"]
[WhiteElo "1445"]
[LiveChessVersion "1.4.8"]

1. Nf3 {[%clk 1:30:32]} c5 {[%clk 1:30:25]} 2. d4 {[%clk 1:29:42]} cxd4
{[%clk 1:29:13]} 3. Nxd4 {[%clk 1:30:03]} Nf6 {[%clk 1:26:05]} 4. c4
{[%clk 1:28:43]} b6 {[%clk 1:23:11]} 5. Nc3 {[%clk 1:23:00]} Bb7 {[%clk 1:23:20]}
6. Bg5 {[%clk 1:13:29]} Nc6 {[%clk 1:16:56]} 7. e4 {[%clk 1:07:00]} d6
{[%clk 1:12:52]} 8. Be2 {[%clk 1:00:26]} e6 {[%clk 1:09:15]} 9. O-O
{[%clk 0:58:12]} Be7 {[%clk 1:08:58]} 10. Be3 {[%clk 0:40:45]} O-O
{[%clk 1:08:06]} 11. Kh1 {[%clk 0:37:54]} Rc8 {[%clk 1:05:56]} 12. b3
{[%clk 0:33:42]} Qc7 {[%clk 1:01:56]} 13. f4 {[%clk 0:30:55]} Rfe8
{[%clk 0:52:28]} 14. Bf3 {[%clk 0:29:00]} Qb8 {[%clk 0:45:02]} 15. Rc1
{[%clk 0:26:47]} Red8 {[%clk 0:40:41]} 16. Qe2 {[%clk 0:22:43]} Bf8
{[%clk 0:36:29]} 17. Rfd1 {[%clk 0:21:34]} Ne7 {[%clk 0:31:53]} 18. e5
{[%clk 0:13:10]} Bxf3 {[%clk 0:30:07]} 19. Nxf3 {[%clk 0:13:23]} dxe5
{[%clk 0:29:53]} 20. Nxe5 {[%clk 0:12:53]} Qb7 {[%clk 0:27:54]} 21. Rxd8
{[%clk 0:08:33]} Rxd8 {[%clk 0:28:19]} 22. Rd1 {[%clk 0:08:47]} Rxd1+
{[%clk 0:26:22]} 23. Qxd1 {[%clk 0:07:40]} Nf5 {[%clk 0:26:28]} 24. Qd3
{[%clk 0:06:15]} h5 {[%clk 0:24:47]} 25. Kg1 Nxe3 {[%clk 0:25:05]} 0-1

[Event "IMP Mezczyzn do lat 20"]
[Site "Chotowa"]
[Date "2023.10.31"]
[Round "3.12"]
[White "Kondys, Piotr"]
[Black "Haladaj, Adam"]
[Result "1-0"]
[BlackElo "1611"]
[WhiteElo "2122"]
[LiveChessVersion "1.4.8"]

1. Nf3 {[%clk 1:28:20]} Nf6 {[%clk 1:30:11]} 2. b3 {[%clk 1:27:51]} g6
{[%clk 1:29:01]} 3. Bb2 {[%clk 1:27:42]} Bg7 {[%clk 1:29:26]} 4. g3
{[%clk 1:26:32]} O-O {[%clk 1:29:35]} 5. Bg2 {[%clk 1:26:26]} d6 {[%clk 1:29:47]}
6. c4 {[%clk 1:23:14]} Nc6 {[%clk 1:27:35]} 7. O-O {[%clk 1:22:10]} e5
{[%clk 1:26:58]} 8. d4 {[%clk 1:20:32]} exd4 {[%clk 1:26:15]} 9. Nxd4
{[%clk 1:20:42]} Nxd4 {[%clk 1:23:35]} 10. Bxd4 {[%clk 1:19:14]} Re8
{[%clk 1:18:09]} 11. Re1 {[%clk 1:00:52]} a6 {[%clk 0:55:27]} 12. e4
{[%clk 0:55:48]} Be6 {[%clk 0:52:31]} 13. a4 {[%clk 0:54:40]} Qd7
{[%clk 0:49:30]} 14. Qf3 {[%clk 0:52:34]} Nh5 {[%clk 0:42:47]} 15. Bxg7
{[%clk 0:51:22]} Nxg7 {[%clk 0:43:09]} 16. Nc3 {[%clk 0:51:07]} Rab8
{[%clk 0:36:57]} 17. Qd3 {[%clk 0:44:03]} f6 {[%clk 0:32:10]} 18. Rad1
{[%clk 0:42:35]} Qf7 {[%clk 0:30:51]} 19. h3 {[%clk 0:41:25]} Red8
{[%clk 0:25:24]} 20. Qd4 {[%clk 0:35:52]} h5 {[%clk 0:21:32]} 21. f4
{[%clk 0:35:55]} Rd7 {[%clk 0:20:29]} 22. Qe3 {[%clk 0:33:36]} Re8
{[%clk 0:18:12]} 23. Qa7 {[%clk 0:32:54]} c6 {[%clk 0:17:45]} 24. Qb6
{[%clk 0:31:57]} Red8 {[%clk 0:14:04]} 25. Kh2 {[%clk 0:27:18]} Kh7
{[%clk 0:13:28]} 26. Re2 {[%clk 0:23:49]} Qe7 {[%clk 0:08:54]} 27. a5
{[%clk 0:18:56]} Bf7 {[%clk 0:07:22]} 28. Qf2 {[%clk 0:17:10]} Ne6
{[%clk 0:06:44]} 29. Nd5 {[%clk 0:15:08]} cxd5 {[%clk 0:06:25]} 30. exd5
{[%clk 0:15:30]} Re8 {[%clk 0:06:06]} 31. Rde1 {[%clk 0:09:31]} Rc7
{[%clk 0:06:03]} 32. dxe6 {[%clk 0:09:49]} Bg8 {[%clk 0:06:27]} 33. g4
{[%clk 0:08:36]} hxg4 {[%clk 0:06:49]} 34. hxg4 {[%clk 0:09:04]} Rc5
{[%clk 0:07:05]} 35. Bd5 {[%clk 0:07:07]} Rxa5 {[%clk 0:07:20]} 36. Qh4+
{[%clk 0:05:47]} Kg7 {[%clk 0:07:29]} 37. g5 {[%clk 0:06:16]} fxg5
{[%clk 0:07:32]} 38. fxg5 {[%clk 0:06:36]} Bh7 {[%clk 0:07:58]} 39. Rf1
{[%clk 0:06:27]} Rf8 {[%clk 0:08:14]} 40. Rxf8 {[%clk 0:36:36]} Kxf8
{[%clk 0:38:35]} 41. Rf2+ {[%clk 0:36:56]} Kg8 {[%clk 0:39:00]} 42. Rf7
{[%clk 0:37:10]} Ra2+ {[%clk 0:39:17]} 43. Kg3 {[%clk 0:37:02]} 1-0